[Event "Lake Sevan 2017"]
[Site "Yerevan"]
[Date "2017.07.17"]
[Round "4"]
[White "Amin, Bassem"]
[Black "Ter-Sahakyan, Samvel"]
[Result "1-0"]
[WhiteElo "2672"]
[BlackElo "2605"]
[Annotator "TA"]
[PlyCount "121"]
[EventDate "2017.??.??"]
[EventCountry "ARM"]
[SourceTitle "playchess.com"]
[Source "ChessBase"]
[SourceQuality "1"]

{[%evp 18,121,11,20,22,33,43,4,9,4,19,25,27,8,15,18,31,0,0,0,0,-18,-8,-25,0,0,0,0,0,0,0,0,0,0,0,0,0,0,10,13,16,11,10,10,28,36,103,109,122,49,77,75,81,56,40,0,15,0,0,-13,0,0,0,0,0,0,0,0,0,-17,-17,-27,-19,-27,-20,-21,-21,-22,-25,-25,-25,-26,-29,-29,29,35,130,81,77,77,72,83,262,256,404,404,404,401,563,609,594,565,1339,1068,703,565]} 1. e4 c5 2. Nf3 Nc6 3. Bb5 g6 4. Bxc6 bxc6 5. O-O Bg7 6. Re1 Nh6 7. c3 O-O 8. h3 {B31: Sicilian: 2...Nc6 3 Bb5 g6} f5 9. e5 {[%cal Be4e5,Be5e6][%mdl 32]} Nf7 10. d3 {LiveBook: 30 Games. The position is equal.} (10. d4 cxd4 11. cxd4 c5 12. dxc5 Bb7 13. Nc3 e6 14. Be3 Rb8 15. Bd4 h5 {½-½ (29) Adams,M (2747)-Giri,A (2785) Moscow 2017}) 10... d6 {[%cal Rd6e5]} 11. Bf4 Ba6 $146 ({Predecessor:} 11... Qc7 12. Qe2 Rb8 13. exd6 exd6 14. Na3 h6 {0-1 (58) Ostrovskiy,A (2381)-Djurhuus,R (2421) Oslo 2017}) 12. e6 (12. Na3 {seems wilder.} Qb8 13. Qe2 d5 14. Qd2 e6 15. Nc2) 12... Ne5 $1 {[%cal Re5d3]} 13. Nxe5 dxe5 14. Bxe5 Qxd3 15. Qxd3 Bxd3 16. Nd2 Rfd8 17. Nb3 c4 18. Na5 Rac8 19. Bxg7 Kxg7 20. Re5 Rd6 21. b4 cxb3 22. axb3 Kf6 23. Rc5 $1 Rxe6 24. b4 Rd6 25. Re1 f4 26. g4 g5 27. c4 Re6 28. Rxe6+ Kxe6 29. Rxg5 $11 {[%mdl 4096] Endgame KRB-KRN} Be4 30. Nb7 {[#] Nc5+ is the strong threat.} Kf6 31. Ra5 Rc7 (31... Bd3 $14) 32. Nc5 $16 Bc2 33. g5+ (33. Kf1 $16) 33... Kf7 34. Kg2 e5 {[%cal Be7e5,Be5e4,Be4e3,Be3e2][%mdl 32]} 35. Kf3 Re7 $1 36. Ra1 Kg6 37. Ra6 Bd1+ 38. Kg2 e4 39. Rxc6+ Kxg5 40. Kf1 Kf5 41. Rd6 Bf3 42. Nd7 Kg5 43. c5 (43. Nc5 $5 {[%cal Rc5e6]}) 43... e3 44. b5 e2+ 45. Ke1 Kf5 {[#] Threatens to win with ...Rg7.} 46. c6 Rg7 47. Rf6+ Ke4 48. Re6+ Kd4 {( -> ...Kc3)} 49. Kd2 {And now Rd6+ would win.} Kc4 50. Re5 Kb4 ({Black should try} 50... Rg6) 51. Nc5 $11 {Hoping for Nd3+.} Ka5 (51... e1=Q+ $14 52. Kxe1 Kc3) 52. Nd3 a6 53. Ne1 Bh1 54. bxa6+ Kb6 $2 (54... Kxa6 $16 55. f3 Kb6) 55. f3 $18 ({Not} 55. Rxe2 Bxc6 56. Re6 Rd7+ 57. Nd3 Kb5 $16) (55. Kxe2 Bxc6 56. Re6 Ra7 $16) 55... Bg2 (55... Rg6 $142 56. c7 (56. Rxe2 Rd6+ 57. Kc3 Rxc6+ 58. Kd4 Rg6 $16) (56. Kxe2 Rxc6 57. Re7 Kxa6 $18) 56... Kxc7) 56. Nxg2 Rxg2 57. Rxe2 Rg3 (57... Rg7 {was worth a try.} 58. Kd3 Kxa6) 58. Re8 {White is clearly winning.} Rg7 59. Kd3 Kxa6 60. Ke4 Kb6 61. Re6 {Precision: White = 65%, Black = 52%.} 1-0

[Event "Lake Sevan 2017"]
[Site "Yerevan"]
[Date "2017.07.17"]
[Round "4"]
[White "Kovalenko, Igor"]
[Black "Swiercz, Dariusz"]
[Result "0-1"]
[WhiteElo "2659"]
[BlackElo "2637"]
[Annotator "TA"]
[PlyCount "194"]
[EventDate "2017.??.??"]
[EventCountry "ARM"]
[SourceTitle "playchess.com"]
[Source "ChessBase"]
[SourceQuality "1"]

{[%evp 18,194,0,0,0,-42,-37,-44,-41,0,0,-36,-53,-32,-30,-57,-48,-70,-69,-83,-57,-104,-99,-124,-81,-88,-22,-28,-3,-106,-116,-109,-102,-116,-110,-106,-109,-150,-162,-146,-146,-261,-243,-304,-309,-333,-326,-339,-328,-269,-245,-245,-245,-282,-245,-285,-263,-256,-168,-247,0,-221,-214,-220,-221,-221,-221,-220,-214,-217,-214,-214,-195,-210,-210,-212,-212,-212,-210,-209,-166,-166,-166,-166,-166,-166,-166,-201,-175,-202,0,-166,-166,-164,-157,-178,-157,-157,-157,-157,0,-157,-150,-157,-114,-157,-114,-114,-114,-157,0,-157,0,-157,-157,-157,-157,-166,-166,-191,-191,-191,-191,-214,-214,-214,-214,-214,-206,-199,-199,-214,-214,-466,-466,-468,-468,-468,-468,-468,-468,-466,-466,-468,-466,-466,-466,-633,-608,-593,-556,-466,-466,-1300,-1250,-1214,-1067,-1277,-455,-1442,-477,-29968,-29969,-10764,-1163,-2112,-691,-29972,-29967,-29980,-29981,-29981,-29982,-29982,-29983,-29987,-29988,-29988,-29989]} 1. Nf3 Nf6 {[%cal Bg8f6,Bf6d5,Bd5b4,Bb4c2][%mdl 32]} 2. c4 g6 3. Nc3 d5 4. cxd5 Nxd5 5. g3 Bg7 6. Bg2 c5 7. h4 {A34: Symmetrical English: 2 Nc3, lines with ...d5} Nc6 8. h5 Bf5 9. Qb3 Ndb4 10. Kf1 {LiveBook: 7 Games} Nc2 11. Rb1 $146 ({Reject} 11. Qxb7 Na5 $17) ({Predecessor:} 11. Ng5 Ne5 12. Rb1 Nd4 13. Qxb7 Rb8 14. Qxa7 O-O 15. hxg6 hxg6 {½-½ (28) Van Wely,L (2695)-Dominguez Perez,L (2739) chess.com INT 2017}) 11... N2d4 12. Nxd4 Nxd4 13. Qxb7 Rb8 14. Qa6 Bxb1 15. Nxb1 Qb6 $36 {[%mdl 2048] Black fights for an advantage.} 16. Qxb6 axb6 17. e3 Nf5 18. a4 Kd7 19. Na3 Nd6 20. Ke2 e6 21. Nb5 Bf6 ({Better is} 21... c4 $17 22. Na7 f5) 22. b3 $11 Rhc8 23. Ba3 (23. Nxd6 $11 Kxd6 24. Ba3) 23... Nxb5 $17 24. axb5 Rc7 $1 25. Bc6+ Kd8 26. hxg6 hxg6 27. Kd3 Ra7 28. Bc1 Ke7 29. b4 (29. Kc2 $17 {was worth a try.}) 29... Rd8+ $1 $19 ({Weaker is} 29... cxb4 30. Kc4 $17) 30. Kc2 {[#]} c4 $1 ({Not} 30... cxb4 31. Kb3 $17) 31. g4 g5 32. f4 gxf4 33. exf4 Rh8 34. g5 Bg7 35. Rxh8 Bxh8 {[%mdl 4096] Endgame KRB-KB} 36. Be4 Ra2+ 37. Kb1 Ra1+ 38. Kc2 Ra2+ 39. Kb1 {[#]} Ra4 $1 40. Kc2 Kd8 41. d3 Rxb4 42. Be3 cxd3+ 43. Bxd3 Bd4 44. Bc1 Bc5 45. Bd2 Ra4 46. f5 exf5 47. Bxf5 Ke7 48. Kd3 Rd4+ 49. Ke2 Bb4 50. Be3 Rd5 51. Bd3 Bc5 {And now ...Re5 would win.} 52. Bc1 Bg1 53. Ba3+ Bc5 54. Bc1 Rd6 55. Bf5 Kf8 56. Kf3 Rd1 57. Bf4 Be7 58. Be4 Bc5 $2 (58... Rf1+ $17 59. Kg4 Bc5) 59. Bc2 $2 (59. Bf5 $1 $11) 59... Rg1 60. Bd3 Ke7 61. Bc2 Kd8 62. Bd3 Ke8 63. Bc2 Kf8 64. Bd3 $1 Rd1 $2 (64... Ra1 $17 {Strongly threatening ...Ra4.} 65. Ke4 Ra4+ 66. Ke5 Rd4) 65. Ke2 $2 (65. Bc2 $11 Rd4 66. Be4) 65... Ra1 $17 66. Kf3 Ra4 67. Bc1 Ke7 68. g6 fxg6 69. Bxg6 Rb4 70. Bd3 Ke6 71. Bd2 Rd4 72. Ke2 Kd5 73. Be1 Ra4 74. Bf5 Ra7 75. Kd3 $2 (75. Bd3) 75... Ra3+ $19 76. Ke2 Re3+ 77. Kd1 Kc4 78. Bd2 Re7 79. Kc2 Kxb5 80. Kb3 Kc6 81. Bg4 b5 82. Bg5 Rg7 83. Bf3+ Kb6 84. Bd8+ Ka6 {White must now prevent ...Rg3.} 85. Be4 (85. Kc2 $142) 85... Rg3+ 86. Kc2 Bd4 87. Bf5 Rc3+ (87... b4 $142 88. Kd2 b3) 88. Kb1 (88. Kd2 $142) 88... Be5 (88... b4 $142 89. Ka2 Ra3+ 90. Kb1 b3) 89. Ka2 (89. Bg5 $19) 89... b4 90. Be7 Ra3+ (90... Rf3 $142 91. Bg4 Ra3+ 92. Kb1 Rg3) 91. Kb1 Kb5 (91... Rf3 $142 92. Be4 Rb3+ 93. Kc2 Re3) 92. Be6 Bg7 {Black mates.} 93. Bg8 Re3 94. Bg5 Rg3 95. Bf4 Rf3 96. Bc1 b3 97. Bd5 Rg3 {Precision: White = 41%, Black = 72%.} 0-1

[Event "Lake Sevan 2017"]
[Site "Yerevan"]
[Date "2017.07.17"]
[Round "4"]
[White "Nabaty, Tamir"]
[Black "Martirosyan, Haik M."]
[Result "1/2-1/2"]
[WhiteElo "2650"]
[BlackElo "2544"]
[Annotator "TA"]
[PlyCount "209"]
[EventDate "2017.??.??"]
[EventCountry "ARM"]
[SourceTitle "playchess.com"]
[Source "ChessBase"]
[SourceQuality "1"]

{[%evp 22,209,29,12,25,23,14,22,28,6,13,27,26,31,43,19,37,35,54,46,69,92,94,95,154,157,150,156,146,146,203,175,298,309,291,275,419,266,271,262,253,205,208,215,288,276,272,269,268,211,251,201,230,239,241,231,229,222,289,295,277,281,267,85,85,85,85,85,85,85,85,60,60,59,59,59,59,59,59,59,59,59,59,59,59,59,59,59,60,60,60,60,60,60,60,60,60,59,59,59,59,59,60,60,60,60,60,59,59,59,60,59,60,59,60,59,59,59,59,59,59,59,59,59,59,59,59,59,60,59,59,0,60,59,59,59,59,59,59,59,60,0,66,8,8,8,8,8,8,0,0,0,0,0,0,0,0,0,8,0,0,0,8,0,8,0,0,0,8,0,8,0,8,8,8,8,8,8,8,8,8,0,8,8,8,0,0,0,0,0]} 1. c4 e5 2. g3 Nc6 3. Bg2 Nf6 4. Nf3 d5 5. cxd5 Nxd5 6. O-O Nb6 7. b3 Be7 8. Bb2 f6 9. Nc3 O-O 10. Rc1 Be6 11. Ne4 {A29: English Opening: Four Knights Variation with 4 g3} a5 (11... Bd5 12. Qc2 Nb4 13. Qb1 Nxa2 14. Nxf6+ Bxf6 15. Qxa2 e4 16. Nd4 Qd7 17. Qb1 Rae8 18. e3 c6 {½-½ (45) Topalov,V (2754)-Giri,A (2790) Stavanger 2016}) 12. d4 {[%cal Rd4e5] LiveBook: 3 Games} Bd5 13. Nc3 {White has an edge.} e4 $1 {[%cal Re4f3]} 14. Nxd5 $146 ({Predecessor:} 14. Ne1 f5 15. f3 Bg5 16. f4 Be7 17. Nc2 a4 18. Ne3 Nb4 19. Nexd5 N6xd5 20. Nxd5 Nxd5 21. bxa4 {1-0 (35) Della Corte,A (2229)-Santagati,A (2167) St Eufemia d'Aspromonte 2010}) 14... Nxd5 15. Nd2 {[%cal Bf3d2,Bd2c4,Bc4e5][%mdl 32]} f5 16. a3 Bf6 17. e3 Nce7 18. Nc4 c6 19. g4 g6 20. Kh1 Kh8 21. Qe2 b5 22. Ne5 Qd6 (22... b4 $142) 23. gxf5 $16 gxf5 24. f3 $1 {[%cal Rf3e4]} exf3 25. Rxf3 b4 (25... Bg7 $16 26. e4 fxe4 27. Qxe4 Rxf3 28. Qxf3 (28. Bxf3 Rf8 $16) 28... Qe6) 26. Rh3 $18 Bxe5 (26... Bg7 $142) 27. dxe5 Qe6 28. Qh5 {[%csl Gh3][%cal Rh5h7]} h6 (28... Rf7 $142 29. Qxf7 Qxf7 30. e6+ Qf6 $1 {[%mdl 512]} 31. Bxf6+ Nxf6) 29. Qxh6+ Qxh6 30. Rxh6+ Kg7 31. Rhxc6 Nxc6 32. Bxd5 Ne7 33. Bxa8 Rxa8 {[%mdl 4096] Endgame KRB-KRN} 34. a4 Kf7 35. Rc5 Rd8 {Hoping for ...Rd1+.} 36. Bd4 f4 37. Kg2 fxe3 38. Bxe3 Rd3 {[#]} 39. Bg5 $1 {Black must now prevent Rc7.} Nf5 40. Rc6 {Threatens to win with Rf6+.} ({But not} 40. Rxa5 $6 Ke6 $16) 40... Kg7 41. e6 Rxb3 {intending ...Rb2+.} 42. e7 $2 (42. Rb6 $18 {and White stays clearly on top.}) 42... Rb2+ $16 43. Kf3 Nxe7 44. Bxe7 {White wants to mate with Bf6+.} Rxh2 {KRB-KR} 45. Bf6+ Kf7 {next ...Rh6 is good for Black.} 46. Ke4 b3 $1 47. Bd4 Ra2 48. Rb6 Rxa4 49. Rxb3 Ra2 50. Kf5 Ke7 51. Be5 Rf2+ 52. Bf4 a4 53. Rb7+ Kf8 54. Ra7 a3 55. Rxa3 Rf1 56. Ra7 Rf2 57. Ke5 Kg8 58. Bg5 Rf7 59. Be7 Kh7 60. Ke6 Kg6 61. Ra1 (61. Ra5 {is interesting.} Rf3 62. Rg5+ Kh6 63. Rd5 Kg6 64. Re5) 61... Rg7 62. Rf1 Rg8 63. Rf2 Rg7 64. Rf8 Kh5 65. Rf4 (65. Kf5 $5 {[%cal Rf8h8]} Rg5+ 66. Ke6 Rg6+ 67. Kf7 $14) 65... Kg6 66. Bf8 {Intending Rg4+ and mate.} Rg8 67. Rf5 Kh7 68. Kf7 {[%cal Rf5h5]} Rg7+ $1 69. Kf6 Rg6+ 70. Ke7 Rg8 71. Rf6 {[%csl Gf8][%cal Rf6h6]} Rg6 72. Rf7+ Kg8 73. Ke8 Rg2 74. Be7 Rg7 75. Rf1 Rg4 76. Rf7 Rg7 $1 77. Rf5 Kh7 78. Kf8 Rg8+ 79. Kf7 {[%cal Rf5h5]} Rg7+ 80. Ke6 Kg6 81. Rf8 Kh5 82. Bf6 (82. Rf1 $14) 82... Rg2 $1 $11 {The position is equal.} 83. Be5 Kg4 84. Rf4+ Kh3 85. Kd5 Re2 86. Ra4 Kg2 87. Ra3 Kf1 88. Kd4 Rd2+ 89. Ke4 (89. Kc3 {keeps more tension.} Rd8 90. Ra7 Rc8+ 91. Bc7 Kg2 92. Kb4) 89... Re2+ 90. Kf4 Kg2 91. Bd4 Kf1 92. Rb3 Rc2 93. Ke3 Re2+ 94. Kd3 Rh2 95. Be3 Kg2 96. Ke4 Rh4+ 97. Bf4 {Rb2+ would kill now.} Rg4 98. Rb2+ Kh1 $1 99. Kf3 Rg2 $1 100. Bd2 Kh2 101. Bf4+ (101. Bc3 $5 {[%cal Rb2g2]} Rxb2 102. Bxb2 $11) 101... Kh1 102. Rb1+ Rg1 103. Rb8 {[%cal Rb8h8]} Rf1+ 104. Kg3 {White threatens Be3 and mate.} Rg1+ 105. Kh3 {Precision: White = 68%, Black = 73%.} 1/2-1/2

[Event "Lake Sevan 2017"]
[Site "Yerevan"]
[Date "2017.07.17"]
[Round "4"]
[White "Gabuzyan, Hovhannes"]
[Black "Kravtsiv, Martyn"]
[Result "1/2-1/2"]
[WhiteElo "2569"]
[BlackElo "2657"]
[Annotator "TA"]
[PlyCount "103"]
[EventDate "2017.??.??"]
[EventCountry "ARM"]
[SourceTitle "playchess.com"]
[Source "ChessBase"]
[SourceQuality "1"]

{[%evp 20,103,-26,-37,0,0,10,0,0,0,3,3,3,3,0,0,1,4,5,5,5,-25,-25,-37,0,0,0,0,0,0,0,0,0,0,0,0,0,-14,-13,-13,-13,-16,-14,-31,-13,-22,-8,-11,-5,-5,-11,-11,0,-11,-11,-11,-8,-8,0,-8,-6,-10,-4,-6,0,0,0,0,0,0,0,0,0,0,0,0,0,0,0,0,0,0,0,0,0,-8]} 1. Nf3 Nf6 2. g3 d5 3. Bg2 c5 4. O-O e6 5. d4 cxd4 6. Nxd4 e5 7. Nb3 Be6 8. Bg5 {D02: 1 d4 d5 2 Nf3 sidelines, including 2...Nf6 3 g3 and 2...Nf6 3 Bf4} Nbd7 9. Nc3 Be7 10. Qd3 O-O 11. Rad1 {[%cal Rc3d5] LiveBook: 3 Games} (11. e3 Rc8 12. Rfd1 e4 13. Qb5 Qc7 14. Bf4 Qb6 15. Nd4 Bg4 {½-½ (67) Dominguez Perez,L (2732)-Navara,D (2734) Huaian 2016}) 11... Rc8 $146 (11... d4 $5 {[%cal Rd4c3]} 12. Bxf6 Nxf6 $15) ({Predecessor:} 11... d4 12. Bxf6 Nxf6 13. Ne4 Qc7 14. Nxf6+ Bxf6 15. Be4 h6 {½-½ (38) Krush,I (2444)-Harika,D (2542) Baku 2016}) 12. Bxf6 Nxf6 13. Qe3 Qd6 {[#] White must now prevent ...d4.} 14. Qxa7 Ra8 (14... Rfd8 {is more complex.} 15. Qxb7 Rb8 16. Qa7 Ra8 17. Qb7 Rab8) 15. Qxb7 {[%cal Rg2d5]} Rfb8 16. Nxd5 Nxd5 ({Don't play} 16... Rxb7 $6 17. Nxf6+ gxf6 18. Rxd6 $16) 17. Rxd5 Bxd5 ({But not} 17... Rxb7 $6 18. Rxd6 Bxd6 19. Bxb7 $16) 18. Qxd5 Rxa2 19. Qxd6 Bxd6 20. Rb1 g6 21. Bd5 e4 22. Bxe4 Be5 23. Rd1 Ra7 (23... Rb4 $5 {[%cal Rb4e4]} 24. Rd8+ Kg7 $11) 24. Rd5 Bxb2 25. Kg2 Rc7 (25... Re7 $5 {[%cal Re7e4]} 26. Bd3 Rbb7 $11) 26. Bd3 Kg7 27. g4 Bf6 28. Nc5 {[#] Strongly threatening Na6.} Rd8 29. Rxd8 Bxd8 $11 {[%mdl 4096] Endgame KRB-KBN} 30. Ne4 Ra7 31. c4 Ra5 32. h3 {The position is equal.} h5 33. Kf3 hxg4+ 34. hxg4 Be7 35. Ke3 Bd8 36. Nc3 Bb6+ 37. Kf3 Bd4 38. Ne4 Bb6 39. Nd6 Ra3 40. Nb5 Rb3 41. Kg3 Bc5 42. f4 f5 43. Kf3 Kf6 44. Nc7 Ra3 45. Nd5+ Ke6 46. gxf5+ gxf5 47. Ne3 Kf6 48. Nf1 Ra2 49. Kg2 Ra3 50. Ng3 Be3 51. Kf3 Bc5 52. Nxf5 {Precision: White = 69%, Black = 53%.} 1/2-1/2

[Event "Lake Sevan 2017"]
[Site "Yerevan"]
[Date "2017.07.17"]
[Round "4"]
[White "Petrosyan, Manuel"]
[Black "Harutyunian, Tigran K."]
[Result "1-0"]
[WhiteElo "2553"]
[BlackElo "2517"]
[Annotator "TA"]
[PlyCount "80"]
[EventDate "2017.??.??"]
[EventCountry "ARM"]
[SourceTitle "playchess.com"]
[Source "ChessBase"]
[SourceQuality "1"]

{[%evp 22,80,12,13,17,4,10,15,14,5,20,18,11,14,13,-12,0,0,0,0,-2,-8,0,0,0,0,0,0,0,0,0,-27,0,-28,-39,-74,-42,-72,-75,-111,-106,-137,0,-16,47,55,71,79,71,80,82,79,153,163,500,478,1206,700,1505,1435,1554]} 1. d4 Nf6 2. c4 e6 3. Nc3 d5 4. Nf3 Nbd7 5. cxd5 exd5 6. Bg5 c6 7. e3 h6 {D35: Queen's Gambit Declined: Exchange Variation} 8. Bh4 g5 9. Bg3 Nh5 10. Bd3 Nxg3 11. hxg3 Bg7 12. Qc2 {LiveBook: 30 Games} Qe7 13. O-O $146 ({Predecessor:} 13. O-O-O Nb6 14. Kb1 Be6 15. Bf5 {1-0 (32) Jobava,B (2702)-Artemiev,V (2653) Doha 2016}) 13... Nb6 14. e4 dxe4 15. Rfe1 O-O (15... f5 $2 16. Bxe4 $1 {[%mdl 512]} fxe4 17. Rxe4 $18) 16. Nxe4 Qc7 17. Nc5 {[%cal Be4c5,Bc5d3,Bd3b4][%mdl 32]} Nd5 18. Bh7+ Kh8 19. Be4 Nf6 20. Ne5 Nxe4 21. Qxe4 (21. Rxe4 $2 Bf5 $19) 21... b6 22. Ncd3 Bb7 23. Rac1 {[%cal Re5c6]} Rae8 24. Qf5 (24. d5 $5) 24... Rd8 25. Nb4 {[%cal Rb4c6]} Rd6 26. Rc3 a5 27. Nc2 (27. Nbxc6 $5 Bxc6 28. Rec1 Bxe5 29. Qxe5+ f6 30. Rxc6 $1 {[%mdl 512]} fxe5 31. Rxc7 exd4 32. R7c6 Rxc6 33. Rxc6 $11) 27... Kg8 28. Qg4 Re8 29. Ne3 {Black should prevent Nf5.} Bc8 30. Qe4 c5 $1 31. f4 f6 (31... Bb7 $1 $17 {[%cal Rb7e4]} 32. d5 Qd8) 32. dxc5 Rde6 (32... bxc5 $11 33. Qg6 Red8) 33. Qd5 $14 {f5 is the strong threat.} ({Much worse is} 33. Nd5 Qd8 $15) 33... Kh7 34. Qd3+ Kg8 35. cxb6 $1 ({Don't play} 35. Nd5 $6 Qd8 $11) 35... Qxb6 {[#]} 36. N5c4 $1 $36 {[%cal Rc4b6][%mdl 2048] White is on the roll.} Qb8 {[#]} ({Black should play} 36... Qd8) 37. f5 $1 $16 {[%cal Rf5e6]} Qxg3 $2 (37... R6e7) 38. Re2 $18 {White is clearly winning.} Ra6 (38... R6e7 $142 39. Nd6 (39. Nxa5 Kh7 $11) 39... Kh7 40. Nxc8 Re4) 39. Nd5 Rxe2 40. Qxg3 Bxf5 {Precision: White = 68%, Black = 44%.} 1-0

[Event "Lake Sevan 2017"]
[Site "Yerevan"]
[Date "2017.07.18"]
[Round "5"]
[White "Kravtsiv, Martyn"]
[Black "Nabaty, Tamir"]
[Result "1/2-1/2"]
[WhiteElo "2657"]
[BlackElo "2650"]
[Annotator "TA"]
[PlyCount "68"]
[EventDate "2017.??.??"]
[EventCountry "ARM"]
[SourceTitle "playchess.com"]
[Source "ChessBase"]
[SourceQuality "1"]

{[%evp 19,68,20,25,26,15,25,32,35,37,25,42,33,62,62,68,76,81,78,72,50,54,54,53,0,0,0,0,0,0,0,0,0,0,0,0,0,0,0,0,0,0,0,0,0,0,0,0,0,0,0,0]} 1. Nf3 d5 2. g3 Bg4 3. Bg2 Nd7 4. d4 e6 5. O-O Ngf6 6. h3 {D02: 1 d4 d5 2 Nf3 sidelines, including 2...Nf6 3 g3 and 2...Nf6 3 Bf4} Bh5 7. c4 c6 8. cxd5 cxd5 9. Nc3 Bd6 10. Qb3 Qb6 {LiveBook: 4 Games} 11. e4 $146 {Hoping for e5.} ({Predecessor:} 11. Qxb6 Nxb6 {½-½ (22) Banusz,T (2621)-Svane,R (2526) Zalakaros 2016}) 11... Qxb3 12. axb3 {e5 is the strong threat.} Nxe4 13. Nxe4 dxe4 14. Ng5 Bb4 15. Bf4 O-O 16. Nxe4 Nb6 17. Nc3 a5 18. Bxb7 Rad8 19. Rfc1 Rxd4 20. Be3 Rdd8 $1 21. Bxb6 (21. Na2 $1 $14 Rb8 22. Nxb4 (22. Bxb6 Rxb7 23. Nxb4 Rxb6 $11) 22... Rxb7 23. Rxa5) 21... Rb8 $11 {The position is equal.} 22. Bc5 Bxc5 23. Rxa5 Rxb7 24. Rxc5 Bf3 25. Nb5 h5 26. R1c3 Bd5 27. b4 g6 28. Kh2 Kg7 29. b3 Rd8 30. Rd3 Rdb8 31. Nc7 Rxb4 32. Nxd5 exd5 33. Rcxd5 Rxb3 34. Rxb3 Rxb3 {Precision: White = 89%, Black = 87%.} 1/2-1/2

[Event "Lake Sevan 2017"]
[Site "Yerevan"]
[Date "2017.07.18"]
[Round "5"]
[White "Swiercz, Dariusz"]
[Black "Petrosyan, Manuel"]
[Result "1/2-1/2"]
[WhiteElo "2637"]
[BlackElo "2553"]
[Annotator "TA"]
[PlyCount "77"]
[EventDate "2017.??.??"]
[EventCountry "ARM"]
[SourceTitle "playchess.com"]
[Source "ChessBase"]
[SourceQuality "1"]

{[%evp 22,77,13,8,12,1,0,0,0,-2,15,4,15,11,11,9,65,68,67,60,70,57,68,52,50,54,54,52,57,41,38,22,29,0,16,10,11,21,12,8,6,4,5,0,8,0,5,6,7,8,7,8,8,0,6,2,7,7]} 1. Nf3 d5 2. d4 Nf6 3. c4 e6 4. g3 Bb4+ 5. Bd2 Be7 6. Bg2 O-O 7. O-O c6 8. Qc2 Nbd7 9. b3 b6 10. Rd1 Ba6 11. a4 Qc8 {E15: Queen's Indian: 4 g3 sidelines, 4 g3 Ba6 and 4 g3 Bb7 early deviations} 12. Na3 {LiveBook: 5 Games} Bb7 13. Qb2 $146 ({Predecessor:} 13. cxd5 cxd5 14. Qb2 Qd8 15. Rdc1 Ne4 16. Bf4 Bd6 17. Bxd6 Nxd6 18. Ne5 Nf6 19. Nb5 {1-0 (48) Inarkiev,E (2730)-Cheparinov,I (2688) Izmir 2016}) 13... Ne4 14. Be1 a5 15. Rac1 Qd8 16. Ne5 Nxe5 17. dxe5 {[#] Threatens to win with Bxe4.} Qb8 18. cxd5 exd5 (18... cxd5 $11 19. Nb5 Nc5) 19. Bxe4 {Black must now prevent Bg2.} dxe4 20. Nc4 $1 {[%cal Rc4b6]} Bc8 21. Qd4 Be6 $1 22. Qxb6 Qxb6 23. Nxb6 Bxb3 24. Rd7 Ra6 {[#] And now ...Ba3 would win.} 25. Rxe7 Rxb6 26. Bxa5 Ra6 27. Rc5 Bxa4 {The position is equal.} 28. e6 Bb5 29. Bc3 Bxe2 30. exf7+ Rxf7 31. Re8+ Rf8 32. Re7 Rf7 $132 {[%mdl 2048] Black puts up resistance} 33. Re8+ Rf8 34. Rxe4 Bb5 35. Re7 Rf7 36. Re8+ Rf8 37. Re7 Rf7 38. Rce5 h6 39. h4 {Precision: White = 65%, Black = 66%.} 1/2-1/2

[Event "Lake Sevan 2017"]
[Site "Yerevan"]
[Date "2017.07.18"]
[Round "5"]
[White "Ter-Sahakyan, Samvel"]
[Black "Gabuzyan, Hovhannes"]
[Result "1/2-1/2"]
[WhiteElo "2605"]
[BlackElo "2569"]
[Annotator "TA"]
[PlyCount "87"]
[EventDate "2017.??.??"]
[EventCountry "ARM"]
[SourceTitle "playchess.com"]
[Source "ChessBase"]
[SourceQuality "1"]

{[%evp 28,87,29,24,62,19,11,24,48,12,21,29,27,22,24,0,0,0,0,0,0,0,0,0,5,0,0,-29,-26,-30,0,-30,-8,-8,0,0,0,-25,-8,-8,-8,-8,-8,-8,-14,-14,-8,-8,-8,-8,0,0,0,0,0,0,0,0,0,0,0,0]} 1. e4 c5 2. Nf3 d6 3. d4 cxd4 4. Nxd4 Nf6 5. Nc3 a6 6. Bg5 Nc6 7. Qd2 e6 8. O-O-O Bd7 9. f4 h6 10. Bh4 Nxe4 11. Qe1 Nf6 12. Nf5 Qa5 13. Nxd6+ Bxd6 14. Rxd6 O-O-O 15. Rd2 Ne7 {B67: Sicilian: Richter-Rauzer: 7...a6 8 0-0-0 Bd7, lines without 9 f4 Be7} (15... g5 16. fxg5 hxg5 17. Bg3 Nh5 18. Bd6 f5 19. Bc4 Rhe8 20. Qf2 b5 21. b4 Qa3+ 22. Kb1 Kb7 23. Bb3 {½-½ (62) Fier,A (2604)-Vera Siguenas,D (2427) Manaus 2013}) 16. Qe5 (16. Bxf6 $5 gxf6 17. Qh4 $14) 16... Qxe5 $1 17. fxe5 Nf5 {White has an edge.} 18. Bxf6 (18. Bf2 $5 {[%cal Re5f6]} Ng4 19. Bb6 $11) 18... gxf6 19. exf6 Bc6 20. Bd3 Rhg8 21. Bxf5 {aiming for Rxd8+.} Rxd2 $146 {[#]} ({Predecessor:} 21... exf5 22. Rxd8+ Kxd8 23. Rd1+ {1-0 (73) Pilnik,H-Johannsson,I Reykjavik 1955}) 22. Bxe6+ $1 {[%mdl 512]} fxe6 23. Kxd2 {Threatens to win with Rf1.} Rxg2+ $11 {[%mdl 4096] Endgame KRB-KRN} 24. Ke3 Kd7 25. Rf1 Ke8 26. f7+ Kf8 27. h4 Rxc2 28. Rf6 e5 (28... Rh2 {feels hotter.} 29. Ne2 e5 30. Rxh6 Rh3+ 31. Kd2 Kxf7 32. Rh5 Kf6) 29. Rxh6 Kxf7 30. Nd1 a5 31. h5 a4 32. Rd6 Rh2 {With the idea ...Rh3+.} (32... a3 $5 {[%cal Ra3b2]} 33. Rd2 Rc4 34. bxa3 Rh4 $17) 33. h6 {[#]The position is equal.} a3 $1 {[%mdl 512]} 34. bxa3 Rxa2 35. Nf2 Rxa3+ 36. Kd2 e4 {Strongly threatening ...e3+.} 37. Ng4 Rh3 38. Ne3 Rh5 39. Kc3 Ke7 40. Rg6 Kf7 41. Rd6 Rg5 42. Kd4 Rg6 43. Rxg6 Kxg6 44. Ng4 {Precision: White = 57%, Black = 53%.} 1/2-1/2